00924nam a22002535a 450000500170000000800410001702000180005804000380007608200200011410000350013424500680016925000120023726000440024930000530029350400510034659000100039765000300040765100100043765300240044770000170047194200080048899900170049695201570051320161024121627.0161019t2015 njua frb 001 0 eng d a9781118808849 aEG-ScBUEbengcEG-ScBUEdEG-ScBUE04a658.83bMCD2221 a McDaniel, Carl, cJr.,d1941-10aMarketing research essentials /cCarl McDaniel J., Roger Gates. a10th ed aHoboken :bJohn Wiley & Sons ;cc.2015. a1 v. (various pagings). :bill. (col.) ;c24 cm. aIncludes bibliographical references and index. ashima 7aMarketing research2BUEsh 2BUEsh bBUSADMcOctober20161 aGtes, Roger. 2ddc c22722d22694 00102ddc40708AcademicaMAINbMAINc1STd2016-10-19ePurchaseg447.00h9129l1m9o658.83 MCDp000045164r2025-07-15 00:00:00s2020-12-09v558.75yBB